Superman And Lois Characters - Statistics

General Stats
  • This quiz has been taken 92 times
  • The average score is 7 of 10
Answer Stats
Hint Answer % Correct
Clark Kent Superman
100%
Other Title Character Lois Lane
91%
Jordan Kent
78%
Kids of the Above Jonathan Kent
75%
Daughter of The Above Sarah Cushing
68%
Ex-Girlfriend of Clark Kent Lana Lang Cushing
62%
Husband of the Above Kyle Cushing
54%
Father of Other Title Character General Sam Lane
52%
Villain From Other World Captain Luthor
43%
Person That Other Title Character Doesn't Like Morgan Edge
35%
No matching quizzes found
Score Distribution
Percent of People with Each Score
Percentile by Number Answered
Your Score History
You have not taken this quiz